00317nam a2200121Ia 4500008004100000041000800041082001500049100001300064245002500077260005100102300003100153365001100184240624s9999 xx 000 0 und d aeng a344.01 PUR aPURI S D aAPPRENTICES ACT 1961 c2008aMumbaibSnow White Publication Pvt. Ltd. axiv, : 114 : p. : cm. ; 24 cRSb15